| 000 -CABECERA |
| campo de control de longitud fija |
00746nam a22002057a 4500 |
| 005 - FECHA Y HORA DE LA ÚLTIMA TRANSACCIÓN |
| campo de control |
20251105204831.0 |
| 008 - DATOS DE LONGITUD FIJA--INFORMACIÓN GENERAL |
| campo de control de longitud fija |
251105b ||||fr|||| 00| 0 eng d |
| 040 ## - FUENTE DE LA CATALOGACIÓN |
| Centro catalogador/agencia de origen |
CENDOC CAAAP |
| Centro/agencia transcriptor |
CAAAP |
| 041 ## - CÓDIGO DE LENGUA |
| Código de lengua del texto/banda sonora o título independiente |
por |
| 050 ## - SIGNATURA TOPOGRÁFICA DE LA BIBLIOTECA DEL CONGRESO |
| Número de clasificación |
HC 188 |
| Número de documento/Ítem |
B81 |
| 110 1# - ENTRADA PRINCIPAL--NOMBRE DE ENTIDAD CORPORATIVA |
| 9 (RLIN) |
5616 |
| Nombre de entidad corporativa o nombre de jurisdicción como elemento de entrada |
Fundação Instituto Brasileiro de Geografia e Estatística |
| 245 1# - MENCIÓN DE TÍTULO |
| Título |
Geografia do Brasil / |
| Mención de responsabilidad, etc. |
Fundação Instituto Brasileiro de Geografia e Estatística |
| 250 ## - MENCIÓN DE EDICIÓN |
| Mención de edición |
1ra edición |
| 260 #1 - PUBLICACIÓN, DISTRIBUCIÓN, ETC. |
| Lugar de publicación, distribución, etc. |
Rio de Janeiro, Brasil : |
| Nombre del editor, distribuidor, etc. |
Centro de servicos graficos, |
| Fecha de publicación, distribución, etc. |
1977 |
| 300 ## - DESCRIPCIÓN FÍSICA |
| Extensión |
466 páginas : |
| Otras características físicas |
ilustraciones, mapaas, fotografias, |
| Dimensiones |
27 x 18 cm |
| 650 #0 - PUNTO DE ACCESO ADICIONAL DE MATERIA--TÉRMINO DE MATERIA |
| 9 (RLIN) |
356 |
| Término de materia o nombre geográfico como elemento de entrada |
Desarrollo Económico |
| 650 #0 - PUNTO DE ACCESO ADICIONAL DE MATERIA--TÉRMINO DE MATERIA |
| 9 (RLIN) |
3288 |
| Término de materia o nombre geográfico como elemento de entrada |
Geografía humana |
| 650 #0 - PUNTO DE ACCESO ADICIONAL DE MATERIA--TÉRMINO DE MATERIA |
| 9 (RLIN) |
261 |
| Término de materia o nombre geográfico como elemento de entrada |
Desarrollo Social |
| 942 ## - ELEMENTOS PERSONALIZADOS KOHA |
| Fuente del sistema de clasificación o colocación |
|
| Fecha de catalogación |
DD - MM - AA |
| Tipo de ítem Koha |
Libros |